[Event "San Cristobal de La Laguna rapid op"]
[Site "San Cristobal de La Laguna"]
[Date "2024.09.01"]
[Round "7"]
[White "Diaz Barrios, Jose Felipe"]
[Black "Martin Hernandez, Jonas David"]
[Result "0-1"]
[WhiteElo "1709"]
[BlackElo "1924"]
[PlyCount "48"]
[EventDate "2024.08.31"]
[EventType "swiss"]
[EventRounds "9"]
[EventCountry "ESP"]
[SourceTitle "EXT 2025"]
[Source "ChessBase"]
[SourceDate "2024.10.14"]
[SourceVersion "1"]
[SourceVersionDate "2024.10.14"]
[SourceQuality "1"]

1. d4 d5 2. c4 e6 3. Nc3 h6 4. Nf3 Nf6 5. e3 Be7 6. Bd3 0-0 7. cxd5 exd5 8. 0-0 c6 9. h3 Bd6 10. e4 dxe4 11. Nxe4 Nxe4 12. Bxe4 Nd7 13. Be3 Nf6 14. Bc2 Be6 15. a3 Re8 16. Rc1 Bd5 17. Bb3 Bc7 18. Bxd5 Nxd5 19. Qb3 Rb8 20. Qd3 Qd7 21. b4 a6 22. Rfd1 Qd6 23. g3 Nxe3 24. fxe3 Qxg3+ 0-1

[Event "Canarias-chT"]
[Site "San Cristobal de La Laguna"]
[Date "2017.06.23"]
[Round "3.3"]
[White "Diaz Barrios, Jose Felipe"]
[Black "Martinez Rojas, Carlos Jose"]
[Result "1-0"]
[WhiteElo "1675"]
[BlackElo "1968"]
[PlyCount "67"]
[EventDate "2017.06.22"]
[EventType "team-swiss"]
[EventRounds "6"]
[EventCountry "ESP"]
[SourceTitle "EXT 2024"]
[Source "ChessBase"]
[SourceDate "2023.10.10"]
[SourceVersion "1"]
[SourceVersionDate "2023.10.10"]
[SourceQuality "1"]
[WhiteTeam "Roque Niquiomo"]
[BlackTeam "Los Realejos Shah Mat"]
[WhiteTeamCountry "ESP"]
[BlackTeamCountry "ESP"]

1. Nf3 Nf6 2. c4 e6 3. Nc3 a6 4. d4 c5 5. d5 b5 6. Qc2 exd5 7. cxd5 d6 8. e4 g6 9. Be2 Bg7 10. 0-0 0-0 11. Re1 Re8 12. Nd2 Ng4 13. Bxg4 Bxg4 14. h3 Bc8 15. Nf3 h6 16. Bf4 Qf6 17. Bg3 b4 18. Na4 Nd7 19. Rab1 Qe7 20. b3 f6 21. e5 fxe5 22. Qxg6 Nf8 23. Qe4 Bf6 24. Nb6 Ra7 25. Nxc8 Rxc8 26. Qg4+ Qg7 27. Qxc8 Qd7 28. Qxd7 Nxd7 29. Bh4 Kf7 30. Bxf6 Nxf6 31. Rbd1 Nd7 32. Nd2 a5 33. Ne4 Ra6 34. f4 1-0

[Event "Canarias-chT"]
[Site "San Cristobal de La Laguna"]
[Date "2017.06.23"]
[Round "2.3"]
[White "Haarkotter Martin, Michael"]
[Black "Diaz Barrios, Jose Felipe"]
[Result "0-1"]
[WhiteElo "1337"]
[BlackElo "1675"]
[PlyCount "52"]
[EventDate "2017.06.22"]
[EventType "team-swiss"]
[EventRounds "6"]
[EventCountry "ESP"]
[SourceTitle "EXT 2024"]
[Source "ChessBase"]
[SourceDate "2023.10.10"]
[SourceVersion "1"]
[SourceVersionDate "2023.10.10"]
[SourceQuality "1"]
[WhiteTeam "Maspalomas"]
[BlackTeam "Roque Niquiomo"]
[WhiteTeamCountry "ESP"]
[BlackTeamCountry "ESP"]

1. e4 c5 2. Nf3 d6 3. Nc3 a6 4. Be2 Nc6 5. d4 cxd4 6. Nxd4 Nf6 7. Bg5 e6 8. 0-0 Be7 9. Be3 Bd7 10. a3 0-0 11. Bd3 Ne5 12. h3 Qc7 13. Rc1 Nc4 14. Bxc4 Qxc4 15. Qe2 Rac8 16. Qxc4 Rxc4 17. f3 Rfc8 18. Na2 e5 19. Nf5 Bxf5 20. exf5 Nd5 21. Bd2 Rxc2 22. Rxc2 Rxc2 23. Bc3 Nxc3 24. Nxc3 Rxb2 25. Rb1 Rxb1+ 26. Nxb1 d5 0-1